Normal view
MARC view
- الاسلام والمجتمع- الاسلام والاقتصاد
Entry Topical Term
001 - CONTROL NUMBER
- control field: 37227
003 - CONTROL NUMBER IDENTIFIER
- control field: JO-AjAnu
005 - DATE AND TIME OF LATEST TRANSACTION
- control field: 20230606080217.0
008 - FIXED-LENGTH DATA ELEMENTS
- fixed length control field: 230606|| aca||aabn | a|a d
040 ## - CATALOGING SOURCE
- Original cataloging agency: JO-AjAnu
- Transcribing agency: JO-AjAnu
150 ## - HEADING--TOPICAL TERM
- Topical term or geographic name entry element: الاسلام والمجتمع- الاسلام والاقتصاد
670 ## - SOURCE DATA FOUND
- Source citation: Work cat.: (JO-AjAnu)19103: أبو زهرة، محمد, author 37226, في المجتمع الإسلامي، ج3